[Event "España ch 2008 sub 18"]
[Site "Padrón ESP"]
[Date "2008.07.31"]
[Round "7.23"]
[White "Tarin Casado, Francisco"]
[Black "Sanchez-Alarcos Galian, Victor"]
[Result "0-1"]
[WhiteElo "1815"]
[BlackElo "2026"]
[PlyCount "126"]
[EventDate "2008.07.27"]
[EventType "swiss"]
[EventRounds "9"]
[EventCountry "ESP"]
[Source "lmi"]
[SourceDate "2008.07.27"]

1. e4 e5 2. Nf3 Nc6 3. d4 exd4 4. Nxd4 Bb4+ 5. c3 Bc5 6. Be3 Bb6 7. Bc4 Nf6 8.
Nxc6 bxc6 9. e5 Bxe3 10. fxe3 Nd5 11. Qd4 Qg5 12. Bxd5 cxd5 13. O-O O-O 14. Nd2
Rb8 15. Nf3 Qh6 16. Rf2 Rb6 17. Qf4 Bb7 18. Nd4 Qxf4 19. exf4 a5 20. Rd1 g6 21.
Nb3 Ra8 22. Nc5 Bc6 23. g4 Rab8 24. Rdd2 Rb5 25. Nd3 Kg7 26. f5 Re8 27. h4 Rb6
28. h5 g5 29. f6+ Kh6 30. Rf5 Bb7 31. Ne1 d6 32. Nf3 Rg8 33. Nd4 c5 34. Nf3 Bc8
35. exd6 Bxf5 36. gxf5 Rxd6 37. Ne5 Rxf6 38. Ng4+ Kg7 39. Nxf6 Kxf6 40. Rxd5
Rc8 41. c4 Rc6 42. Kf2 a4 43. b3 axb3 44. axb3 Rb6 45. Rxc5 Rxb3 46. Kg2 g4 47.
Rc6+ Kxf5 48. Rh6 Kg5 49. Rxh7 f5 50. Rf7 Rh3 51. c5 Rxh5 52. c6 Rh6 53. Rg7+
Kf4 54. c7 Rc6 55. Rd7 Rc2+ 56. Kf1 Ke3 57. Re7+ Kf3 58. Ke1 g3 59. Kd1 Rc5 60.
Kd2 g2 61. Rf7 f4 62. Rg7 Kf2 63. Rf7 f3 0-1

[Event "España ch 2008 sub 18"]
[Site "Padrón ESP"]
[Date "2008.07.31"]
[Round "7.24"]
[White "Sanchez Ibern, Eric"]
[Black "Pintor Munoz, Francisco"]
[Result "1-0"]
[WhiteElo "2038"]
[BlackElo "1808"]
[PlyCount "35"]
[EventDate "2008.07.27"]
[EventType "swiss"]
[EventRounds "9"]
[EventCountry "ESP"]
[Source "lmi"]
[SourceDate "2008.07.27"]

1. e4 e5 2. Nf3 Nc6 3. d4 exd4 4. Bc4 Nf6 5. Ng5 Ne5 6. Qxd4 d6 7. Bf4 Nxc4 8.
Qxc4 Qe7 9. Nc3 a6 10. O-O-O Be6 11. Nxe6 fxe6 12. e5 O-O-O 13. exf6 gxf6 14.
Rhe1 d5 15. Nxd5 Rxd5 16. Rxd5 exd5 17. Rxe7 dxc4 18. Rxc7+ 1-0

[Event "España ch 2008 sub 18"]
[Site "Padrón ESP"]
[Date "2008.07.31"]
[Round "7.25"]
[White "Marcos Pinto, Luis"]
[Black "Cubillo Munoz, Miguel"]
[Result "1-0"]
[WhiteElo "2115"]
[BlackElo "1923"]
[PlyCount "53"]
[EventDate "2008.07.27"]
[EventType "swiss"]
[EventRounds "9"]
[EventCountry "ESP"]
[Source "lmi"]
[SourceDate "2008.07.27"]

1. e4 c5 2. Nf3 Nc6 3. d4 cxd4 4. Nxd4 g6 5. c4 Bg7 6. Be3 Nf6 7. Nc3 O-O 8.
Be2 d6 9. Qd2 Re8 10. O-O Nd7 11. f4 Nf8 12. Rad1 Ne6 13. Nxc6 bxc6 14. f5 Nc7
15. Bh6 Be5 16. Bf4 Bxf4 17. Qxf4 Na6 18. Rd3 Kh8 19. f6 Nc5 20. fxe7 Qxe7 21.
Rxd6 Nxe4 22. Nxe4 Qxe4 23. Qf6+ Kg8 24. Qxf7+ Kh8 25. Bf3 Qe3+ 26. Kh1 Bf5 27.
Qf6+ 1-0

[Event "España ch 2008 sub 18"]
[Site "Padrón ESP"]
[Date "2008.07.31"]
[Round "7.26"]
[White "Renilla Merchan, Andres"]
[Black "Marrero Falcon, Hector"]
[Result "0-1"]
[WhiteElo "1867"]
[BlackElo "2044"]
[PlyCount "52"]
[EventDate "2008.07.27"]
[EventType "swiss"]
[EventRounds "9"]
[EventCountry "ESP"]
[Source "lmi"]
[SourceDate "2008.07.27"]

1. e4 c5 2. Nc3 g6 3. Nge2 Bg7 4. d4 cxd4 5. Nxd4 Nc6 6. Be3 Nf6 7. f3 O-O 8.
Qd2 d5 9. O-O-O Nxd4 10. Bxd4 dxe4 11. Nxe4 Nxe4 12. fxe4 e5 13. Be3 Qc7 14.
Qf2 Be6 15. Kb1 Qa5 16. a3 Rfc8 17. Qd2 Qc7 18. Bd3 b5 19. h4 h5 20. Qf2 a5 21.
Rhf1 b4 22. a4 b3 23. c3 Qc6 24. Bb5 Qxe4+ 25. Ka1 Rab8 26. Qe2 Bg4 0-1

[Event "España ch 2008 sub 18"]
[Site "Padrón ESP"]
[Date "2008.07.31"]
[Round "7.27"]
[White "Marin Benito, Carla"]
[Black "Jimenez Capilla, Jose Alfonso"]
[Result "0-1"]
[WhiteElo "1785"]
[BlackElo "2033"]
[PlyCount "34"]
[EventDate "2008.07.27"]
[EventType "swiss"]
[EventRounds "9"]
[EventCountry "ESP"]
[Source "lmi"]
[SourceDate "2008.07.27"]

1. e4 e5 2. Nc3 Nc6 3. g3 d6 4. Bg2 g6 5. d3 Bg7 6. Be3 Nge7 7. Nge2 O-O 8. Qd2
a5 9. Bh6 f5 10. Bxg7 Kxg7 11. exf5 Nxf5 12. O-O Ncd4 13. f4 c6 14. fxe5 dxe5
15. Ne4 Qb6 16. Nxd4 Nxd4 17. Rxf8 Nf3+ 0-1

[Event "España ch 2008 sub 18"]
[Site "Padrón ESP"]
[Date "2008.07.31"]
[Round "7.29"]
[White "Ribas Gomez, Diego"]
[Black "Calle Moreau, Jose Domingo"]
[Result "1-0"]
[WhiteElo "1996"]
[BlackElo "1940"]
[PlyCount "67"]
[EventDate "2008.07.27"]
[EventType "swiss"]
[EventRounds "9"]
[EventCountry "ESP"]
[Source "lmi"]
[SourceDate "2008.07.27"]

1. e4 c5 2. d3 Nc6 3. g3 e6 4. Bg2 d5 5. Nd2 Nf6 6. f4 Be7 7. Ngf3 O-O 8. O-O
b6 9. Re1 dxe4 10. dxe4 Bb7 11. c3 Qc7 12. Qc2 Rad8 13. a3 e5 14. fxe5 Nxe5 15.
Nxe5 Qxe5 16. Nf3 Qh5 17. Nh4 Ng4 18. h3 Ne5 19. Nf5 Bg5 20. g4 Nxg4 21. hxg4
Qxg4 22. Bxg5 Qxg5 23. Re3 g6 24. Qf2 Bxe4 25. Rxe4 Qxf5 26. Qxf5 gxf5 27. Re5
Rd2 28. Rxf5 Rxb2 29. Bd5 Kg7 30. Kh1 Kg6 31. Be4 Re2 32. Rg1+ Kh6 33. Rf6+ Kh5
34. Bf3+ 1-0

[Event "España ch 2008 sub 18"]
[Site "Padrón ESP"]
[Date "2008.07.31"]
[Round "7.30"]
[White "Rodriguez Lorenzo, Yadira"]
[Black "Perez Malvido, Javier"]
[Result "1-0"]
[WhiteElo "1984"]
[BlackElo "1842"]
[PlyCount "135"]
[EventDate "2008.07.27"]
[EventType "swiss"]
[EventRounds "9"]
[EventCountry "ESP"]
[Source "lmi"]
[SourceDate "2008.07.27"]

1. e3 g6 2. Nf3 Bg7 3. d4 f5 4. c4 Nf6 5. Nc3 d6 6. Bd3 O-O 7. O-O c6 8. Qc2
Qe8 9. e4 fxe4 10. Nxe4 Nxe4 11. Bxe4 Bf5 12. Re1 Nd7 13. Bg5 e5 14. dxe5 dxe5
15. c5 Kh8 16. Rad1 Qf7 17. b4 Rae8 18. Nd2 Be6 19. Nf3 Bd5 20. b5 Bxe4 21.
Rxe4 Qf5 22. bxc6 Nxc5 23. Rc4 Ne6 24. Qxf5 gxf5 25. c7 Rc8 26. Be7 Rfe8 27.
Ng5 Rxc7 28. Rxc7 Nxc7 29. Rd7 Nd5 30. Rxd5 h6 31. Rd7 hxg5 32. Bxg5 Rc8 33.
Rxb7 f4 34. g3 fxg3 35. hxg3 a5 36. Rb5 a4 37. Rb4 a3 38. Be7 Rc1+ 39. Kg2 Rc2
40. Rb3 Rxa2 41. Rxa3 Rc2 42. Re3 Rc6 43. Bb4 Kh7 44. Bc3 Rc5 45. Bb4 Rc6 46.
Kf3 Kg6 47. Re4 Rf6+ 48. Ke3 Bh6+ 49. Ke2 Kf5 50. Kd3 Rc6 51. g4+ Ke6 52. Rc4
Ra6 53. Ke4 Bf4 54. f3 Rb6 55. Bc3 Ra6 56. Bb2 Rb6 57. Bc1 Bxc1 58. Rxc1 Rb4+
59. Ke3 Rb3+ 60. Kf2 Kf6 61. Rc6+ Kg5 62. Re6 Rb5 63. Kg3 Ra5 64. Rxe5+ Rxe5
65. f4+ Kf6 66. fxe5+ Kxe5 67. Kh4 Kf6 68. Kh5 1-0

[Event "España ch 2008 sub 18"]
[Site "Padrón ESP"]
[Date "2008.07.31"]
[Round "7.31"]
[White "Sanz Rodero, Mikel"]
[Black "Almagro Guardia, Elena"]
[Result "1-0"]
[WhiteElo "1982"]
[BlackElo "1895"]
[PlyCount "105"]
[EventDate "2008.07.27"]
[EventType "swiss"]
[EventRounds "9"]
[EventCountry "ESP"]
[Source "lmi"]
[SourceDate "2008.07.27"]

1. e4 c5 2. Nf3 e6 3. d4 cxd4 4. Nxd4 Nf6 5. Nc3 Nc6 6. Ndb5 d6 7. Bf4 e5 8.
Bg5 a6 9. Na3 b5 10. Nd5 Be7 11. Bxf6 Bxf6 12. c4 b4 13. Nc2 a5 14. Be2 Be6 15.
O-O Bg5 16. Qd3 Ra7 17. Rfd1 O-O 18. Nde3 Rd7 19. Bg4 Bxe3 20. Nxe3 Bxg4 21.
Nxg4 Nd4 22. Ne3 Qg5 23. a3 b3 24. Nf5 Nxf5 25. exf5 Rc8 26. Rac1 h6 27. c5 d5
28. Qxb3 d4 29. Qd3 Qe7 30. Qc4 Rdc7 31. b4 axb4 32. axb4 Qd7 33. b5 Rb8 34.
Rb1 Qxf5 35. c6 Qc8 36. Qc5 f6 37. Rdc1 Rf7 38. Qd6 Rb6 39. Qd5 Qc7 40. Ra1 Kh7
41. Rcb1 Rf8 42. h4 Rd8 43. Qe4+ Kh8 44. Qd3 Rd5 45. Ra8+ Rd8 46. Rxd8+ Qxd8
47. Rc1 Qc7 48. h5 Kg8 49. Ra1 Rb8 50. Qc4+ Kh8 51. Ra6 e4 52. b6 Qe5 53. c7
1-0

[Event "España ch 2008 sub 18"]
[Site "Padrón ESP"]
[Date "2008.07.31"]
[Round "7.32"]
[White "Castellano Egea, Einar"]
[Black "Zapata Lopez, Julio"]
[Result "1-0"]
[WhiteElo "2128"]
[BlackElo "1921"]
[PlyCount "53"]
[EventDate "2008.07.27"]
[EventType "swiss"]
[EventRounds "9"]
[EventCountry "ESP"]
[Source "lmi"]
[SourceDate "2008.07.27"]

1. e4 c5 2. Nf3 e6 3. d4 cxd4 4. Nxd4 Nc6 5. Nc3 Qc7 6. g3 a6 7. a4 h5 8. Nxc6
bxc6 9. Bg2 h4 10. O-O hxg3 11. hxg3 Bc5 12. Qf3 Nf6 13. Bf4 e5 14. Bg5 Be7 15.
Nd1 d6 16. Ne3 Ng8 17. Bxe7 Nxe7 18. Rfd1 Bb7 19. c4 a5 20. Rd2 c5 21. Qg4 g6
22. Rad1 Rd8 23. Qg5 Rd7 24. Qf6 Rg8 25. Ng4 Nc6 26. Qg5 Nd4 27. Nf6+ 1-0

[Event "España ch 2008 sub 18"]
[Site "Padrón ESP"]
[Date "2008.07.31"]
[Round "7.33"]
[White "Pueyo Burrell, David"]
[Black "Ladron De Guevara Pinto, Paolo"]
[Result "1/2-1/2"]
[WhiteElo "2126"]
[BlackElo "1915"]
[PlyCount "76"]
[EventDate "2008.07.27"]
[EventType "swiss"]
[EventRounds "9"]
[EventCountry "ESP"]
[Source "lmi"]
[SourceDate "2008.07.27"]

1. Nf3 Nf6 2. g3 g6 3. Bg2 Bg7 4. O-O O-O 5. d3 d5 6. c3 c5 7. Qa4 Nc6 8. Qh4
e5 9. Bh6 Qd6 10. Re1 Bd7 11. e4 d4 12. Rd1 b5 13. cxd4 Nxd4 14. Na3 a6 15. Ng5
Rac8 16. Rd2 Ne6 17. Nxe6 Bxe6 18. Bh3 Bxh6 19. Qxh6 Bxh3 20. Qxh3 Nxe4 21.
Rdd1 Ng5 22. Qg2 Qf6 23. Nc2 Rfd8 24. Ne3 Rd4 25. Rac1 Qd6 26. Qb7 Rd8 27. h4
Ne6 28. b3 Kg7 29. h5 Rd7 30. Qc8 Rd8 31. Qb7 Ng5 32. Qa7 Rc8 33. Qb7 Rc6 34.
Qa8 Qf6 35. h6+ Kxh6 36. Qf8+ Qg7 37. Qa8 Qf6 38. Qf8+ Qg7 1/2-1/2

[Event "España ch 2008 sub 18"]
[Site "Padrón ESP"]
[Date "2008.07.31"]
[Round "7.34"]
[White "Garro Beraza, Haritz"]
[Black "Ruiz De La Torre Perez, Cristin"]
[Result "1-0"]
[WhiteElo "1999"]
[BlackElo "1908"]
[PlyCount "85"]
[EventDate "2008.07.27"]
[EventType "swiss"]
[EventRounds "9"]
[EventCountry "ESP"]
[Source "lmi"]
[SourceDate "2008.07.27"]

1. e4 e5 2. Nf3 Nc6 3. Bb5 a6 4. Ba4 Nf6 5. O-O b5 6. Bb3 Bc5 7. d3 h6 8. h3 d6
9. c3 Bb6 10. Re1 O-O 11. Nbd2 Na5 12. Bc2 c5 13. Nf1 Nc6 14. Ng3 Qc7 15. Nh4
Ne7 16. Qf3 Ng6 17. Nhf5 Kh7 18. h4 c4 19. Nh5 Nxh5 20. Qxh5 Bxf5 21. exf5 Nf4
22. Bxf4 exf4 23. f6 g6 24. d4 Rae8 25. Qg4 Qc8 26. Qxf4 h5 27. f3 Re6 28. Qg5
Rh8 29. Re4 Bd8 30. Rf4 Re2 31. Bf5 Qc6 32. Qxh5+ Kg8 33. Qg4 Kf8 34. Bd7 Qd5
35. Kf1 Re3 36. Kf2 Re6 37. Bxe6 Qxe6 38. Re1 Qxg4 39. fxg4 Rxh4 40. Kg3 Rh8
41. g5 Rh5 42. Kg4 Rh2 43. Rfe4 1-0

[Event "España ch 2008 sub 18"]
[Site "Padrón ESP"]
[Date "2008.07.31"]
[Round "7.35"]
[White "Velandrino Gomez, Maria Cielo"]
[Black "Tirapo Larcuen, Ana"]
[Result "1-0"]
[WhiteElo "1995"]
[BlackElo "1880"]
[PlyCount "57"]
[EventDate "2008.07.27"]
[EventType "swiss"]
[EventRounds "9"]
[EventCountry "ESP"]
[Source "lmi"]
[SourceDate "2008.07.27"]

1. d4 Nf6 2. Nf3 g6 3. Bf4 Bg7 4. e3 d6 5. h3 Nbd7 6. Be2 e6 7. O-O Qe7 8. Bh2
O-O 9. a4 e5 10. c3 e4 11. Nfd2 Re8 12. Na3 Nf8 13. c4 b6 14. Qc2 Bb7 15. Rac1
N6d7 16. b4 Rac8 17. c5 dxc5 18. bxc5 Nf6 19. Ndb1 Nd5 20. Qb3 Red8 21. a5 Bh6
22. Kh1 Ba8 23. axb6 axb6 24. Ba6 Rb8 25. c6 Ne6 26. Rc4 f5 27. Nc3 Nxc3 28.
Rxc3 Kh8 29. Bc4 1-0

[Event "España ch 2008 sub 18"]
[Site "Padrón ESP"]
[Date "2008.07.31"]
[Round "7.36"]
[White "Olmo Vega, Diego"]
[Black "Rasskin Friederichs, Ivan"]
[Result "1-0"]
[WhiteElo "1978"]
[BlackElo "1843"]
[PlyCount "133"]
[EventDate "2008.07.27"]
[EventType "swiss"]
[EventRounds "9"]
[EventCountry "ESP"]
[Source "lmi"]
[SourceDate "2008.07.27"]

1. e4 e6 2. d4 d5 3. Nc3 Nf6 4. Bg5 dxe4 5. Nxe4 Be7 6. Bxf6 gxf6 7. Nf3 a6 8.
g3 f5 9. Ned2 c5 10. dxc5 Qa5 11. Bg2 O-O 12. O-O Qxc5 13. Nb3 Qc7 14. c3 e5
15. Qd2 Nc6 16. Rad1 Be6 17. Qh6 f6 18. Nh4 Rad8 19. Bh3 Rxd1 20. Rxd1 Qc8 21.
Qh5 f4 22. Bf5 Bxf5 23. Nxf5 Kh8 24. Rd3 e4 25. Nxe7 Nxe7 26. Rd4 fxg3 27. hxg3
f5 28. Rd6 Qc7 29. Qh6 Rd8 30. Qf6+ Kg8 31. Qe6+ Kf8 32. Qh6+ Kg8 33. Qg5+ Kh8
34. Qf6+ Kg8 35. Qe6+ Kf8 36. Rxd8+ Qxd8 37. Nd4 Qa5 38. a3 Qc5 39. Qh6+ Ke8
40. Qxh7 b5 41. Qh8+ Kd7 42. Qf6 a5 43. Qe6+ Ke8 44. Qa6 b4 45. axb4 axb4 46.
Qa4+ Kf7 47. Qb3+ Nd5 48. Nxf5 Kf6 49. cxb4 Nxb4 50. Ne3 Nd3 51. Qc3+ Qxc3 52.
bxc3 Ke5 53. Kf1 Nc1 54. Ke1 Nd3+ 55. Ke2 Nc1+ 56. Kd2 Na2 57. Nd1 Kd5 58. Ke2
Nc1+ 59. Ke3 Nd3 60. f3 Nc5 61. f4 Kc4 62. Nf2 Nd7 63. Nxe4 Nb6 64. f5 Nd7 65.
Kf4 Kd5 66. g4 Nf8 67. g5 1-0

[Event "España ch 2008 sub 18"]
[Site "Padrón ESP"]
[Date "2008.07.31"]
[Round "7.37"]
[White "Picazo Lopez, Ignacio"]
[Black "Sanchez Garcia, Laura"]
[Result "1-0"]
[WhiteElo "1973"]
[BlackElo "1814"]
[PlyCount "49"]
[EventDate "2008.07.27"]
[EventType "swiss"]
[EventRounds "9"]
[EventCountry "ESP"]
[Source "lmi"]
[SourceDate "2008.07.27"]

1. f4 d5 2. Nf3 g6 3. g3 Bg7 4. Bg2 c5 5. d3 Nf6 6. Nc3 d4 7. Ne4 Nd5 8. O-O b6
9. Qe1 Bb7 10. c4 Ne3 11. Bxe3 dxe3 12. Qc1 O-O 13. Rb1 Nc6 14. Qxe3 e5 15.
fxe5 Nxe5 16. Nxe5 Bxe5 17. Kh1 Bd4 18. Qf4 Qe7 19. Bf3 f5 20. Nc3 Be3 21. Bd5+
Kh8 22. Qf3 f4 23. Bxb7 fxg3 24. Qe4 Qd7 25. Qe5+ 1-0

[Event "España ch 2008 sub 18"]
[Site "Padrón ESP"]
[Date "2008.07.31"]
[Round "7.39"]
[White "Aboy Nieto, Pablo"]
[Black "Mougan Gonzalez, Santiago"]
[Result "1/2-1/2"]
[WhiteElo "1949"]
[BlackElo "1730"]
[PlyCount "77"]
[EventDate "2008.07.27"]
[EventType "swiss"]
[EventRounds "9"]
[EventCountry "ESP"]
[Source "lmi"]
[SourceDate "2008.07.27"]

1. b3 e5 2. Bb2 Nc6 3. e3 d5 4. d3 Bd6 5. Be2 Be6 6. Nd2 Nf6 7. Ngf3 O-O 8. Rc1
Re8 9. c4 d4 10. e4 Nd7 11. h4 Nc5 12. a3 a5 13. Nf1 f5 14. Ng5 fxe4 15. Nxe4
Nxe4 16. dxe4 Rf8 17. Qc2 d3 18. Bxd3 Bb4+ 19. Nd2 Nd4 20. Bxd4 Qxd4 21. O-O
Bxa3 22. Ra1 Bc5 23. Nf3 Rxf3 24. gxf3 Bh3 25. Rfd1 Qd8 26. Bf1 Qxh4 27. Bxh3
Qxh3 28. Qd3 Bd4 29. Qf1 Qxf1+ 30. Kxf1 Bxa1 31. Rxa1 Kf7 32. Ke2 Ke6 33. Ke3
g5 34. Rh1 Rh8 35. Rh6+ Kd7 36. Kd3 b6 37. Ke3 Ke7 38. Ke2 Kd7 39. Ke3 1/2-1/2

[Event "España ch 2008 sub 18"]
[Site "Padrón ESP"]
[Date "2008.07.31"]
[Round "7.40"]
[White "Sousa Barreiro, Bieito"]
[Black "Cucarella Montell, Angels"]
[Result "0-1"]
[WhiteElo "1587"]
[BlackElo "1941"]
[PlyCount "132"]
[EventDate "2008.07.27"]
[EventType "swiss"]
[EventRounds "9"]
[EventCountry "ESP"]
[Source "lmi"]
[SourceDate "2008.07.27"]

1. d4 f5 2. e4 fxe4 3. Nc3 Nf6 4. Bg5 Nc6 5. d5 Ne5 6. Qe2 c6 7. Bxf6 exf6 8.
Qxe4 Qe7 9. O-O-O Nf7 10. Qh4 f5 11. Qxe7+ Bxe7 12. Re1 Kd8 13. Bc4 Nd6 14. Bb3
Re8 15. Nf3 c5 16. a4 b6 17. Re3 Bf6 18. Rhe1 Ba6 19. Rxe8+ Nxe8 20. Nb5 Bxb5
21. axb5 Nd6 22. c4 g6 23. Ne5 Kc7 24. Kc2 Re8 25. Nd3 Rxe1 26. Nxe1 Bd4 27. f3
Bg1 28. h3 Nf7 29. Kd2 Bd4 30. Nd3 Kd6 31. Bc2 Ne5 32. b3 Nf7 33. Ke2 Ke7 34.
f4 Nd6 35. Kf3 Kf6 36. g4 h6 37. Nc1 Bc3 38. Ne2 Bd2 39. Ng3 Be1 40. Nf1 g5 41.
fxg5+ hxg5 42. Ne3 f4 43. Ng2 Bd2 44. h4 Nf7 45. Ke4 gxh4 46. Nxh4 Bc1 47. Nf3
d6 48. Bd1 Kg6 49. Be2 Nh6 50. Nh2 Kg5 51. Bd1 Kh4 52. Nf3+ Kxg4 53. Ne5+ Kg3
54. Nc6 Ng4 55. Nxa7 Nf2+ 56. Kf5 Nxd1 57. Nc8 f3 58. Nxd6 Ne3+ 59. Kg6 Kf4 60.
Ne4 Kxe4 61. d6 Ng4 62. b4 cxb4 63. c5 bxc5 64. b6 Ne5+ 65. Kh5 f2 66. b7 Nd7
0-1

[Event "España ch 2008 sub 18"]
[Site "Padrón ESP"]
[Date "2008.07.31"]
[Round "7.41"]
[White "Labena Bernal, Antonio"]
[Black "Escobar Figueroa, Sandra"]
[Result "1/2-1/2"]
[WhiteElo "2045"]
[BlackElo "1794"]
[PlyCount "166"]
[EventDate "2008.07.27"]
[EventType "swiss"]
[EventRounds "9"]
[EventCountry "ESP"]
[Source "lmi"]
[SourceDate "2008.07.27"]

1. e4 e5 2. Nf3 Nf6 3. Nxe5 d6 4. Nf3 Nxe4 5. Qe2 Qe7 6. d3 Nf6 7. Bg5 Qxe2+ 8.
Bxe2 Be7 9. Nc3 c6 10. O-O-O Bf5 11. d4 Nbd7 12. Rhe1 O-O 13. Ba6 bxa6 14. Rxe7
Rfe8 15. Rxe8+ Rxe8 16. Re1 Rxe1+ 17. Nxe1 d5 18. f3 Ne8 19. Kd2 Nd6 20. Na4
Nb5 21. c3 Nc7 22. Be7 Ne6 23. Ke3 Nb6 24. Nc5 Nxc5 25. Bxc5 Bb1 26. Kf4 Bxa2
27. Bxb6 axb6 28. Ke5 Kf8 29. Kd6 c5 30. dxc5 bxc5 31. Nd3 d4 32. Kxc5 dxc3 33.
bxc3 Be6 34. Kb6 Ke7 35. Nc5 Bc4 36. Nxa6 Kd6 37. Nc7 g5 38. Ne8+ Ke5 39. Kc5
Bf1 40. g3 Bg2 41. Nd6 f6 42. Nc4+ Ke6 43. Nd2 h5 44. Kd4 Kf5 45. c4 h4 46. c5
hxg3 47. hxg3 g4 48. c6 Ke6 49. c7 Kd7 50. f4 Kxc7 51. f5 Kd6 52. Nc4+ Ke7 53.
Ke3 Bd5 54. Nd2 Kd6 55. Kf4 Bg8 56. Ne4+ Ke7 57. Kxg4 Bd5 58. Nf2 Kd6 59. Kh5
Ke5 60. Kg6 Bf3 61. Nd3+ Ke4 62. Nc5+ Ke3 63. Kxf6 Kf2 64. Ke7 Kxg3 65. f6 Bh5
66. Ne6 Kg4 67. Ng7 Bg6 68. Ne6 Kf5 69. Nd4+ Ke4 70. Ne2 Kf5 71. Nc3 Ke5 72.
Nb5 Kf5 73. Nd6+ Ke5 74. Nf7+ Kf5 75. Nh6+ Kg5 76. Ng8 Kf5 77. Kf8 Ke6 78. Kg7
Bf7 79. Ne7 Be8 80. Ng6 Kf5 81. Nh8 Ke6 82. Ng6 Kf5 83. Nf8 Ke5 1/2-1/2

[Event "España ch 2008 sub 18"]
[Site "Padrón ESP"]
[Date "2008.07.31"]
[Round "7.42"]
[White "Lopez Paniego, Noel"]
[Black "Crespo Ramos, Maria"]
[Result "1/2-1/2"]
[WhiteElo "2011"]
[BlackElo "1560"]
[PlyCount "102"]
[EventDate "2008.07.27"]
[EventType "swiss"]
[EventRounds "9"]
[EventCountry "ESP"]
[Source "lmi"]
[SourceDate "2008.07.27"]

1. d4 Nf6 2. c4 g6 3. Nc3 d5 4. Bf4 Bg7 5. e3 O-O 6. Nf3 Bf5 7. Be2 dxc4 8.
Bxc4 Nbd7 9. O-O c5 10. h3 cxd4 11. Nxd4 Bxh3 12. gxh3 e5 13. Ne6 fxe6 14.
Bxe6+ Kh8 15. Bg5 Nc5 16. Bc4 Qc7 17. Qe2 Nfe4 18. Nxe4 Nxe4 19. Bh4 Nd2 20.
Qxd2 Qxc4 21. Bg3 Qe6 22. Kh2 e4 23. Rfd1 Be5 24. Qd7 Bxg3+ 25. Kxg3 Qe5+ 26.
Kg2 Qxb2 27. Qd4+ Qxd4 28. Rxd4 Rac8 29. Rb1 Rf7 30. Rb2 Re7 31. Kg3 Rc5 32.
Rbb4 Rg5+ 33. Kf4 Rf5+ 34. Kg3 Rf3+ 35. Kg4 Rxf2 36. Rxe4 Rxe4+ 37. Rxe4 Rxa2
38. Kg5 Rf2 39. Re7 Rf5+ 40. Kg4 Rb5 41. e4 a5 42. e5 h6 43. Kf4 Rb4+ 44. Ke3
Kg8 45. e6 a4 46. Rf7 Rb1 47. Rf6 Kg7 48. Rf7+ Kg8 49. Rf6 a3 50. Kd2 Rb2+ 51.
Ke3 Rb3+ 1/2-1/2

[Event "España ch 2008 sub 18"]
[Site "Padrón ESP"]
[Date "2008.07.31"]
[Round "7.43"]
[White "Carnero Rodriguez, Sergio"]
[Black "Villanueva Arguinberri, Bruno"]
[Result "1/2-1/2"]
[WhiteElo "1765"]
[BlackElo "1981"]
[PlyCount "145"]
[EventDate "2008.07.27"]
[EventType "swiss"]
[EventRounds "9"]
[EventCountry "ESP"]
[Source "lmi"]
[SourceDate "2008.07.27"]

1. e4 e5 2. Bc4 Nf6 3. d3 c6 4. Nf3 d5 5. exd5 cxd5 6. Bb5+ Bd7 7. Bxd7+ Nbxd7
8. O-O Bd6 9. Bg5 O-O 10. Re1 Qb6 11. Qc1 Bc5 12. Be3 Rfe8 13. Bxc5 Qxc5 14.
Nbd2 Rac8 15. c3 Qb6 16. b3 Nh5 17. c4 Qg6 18. Re3 d4 19. Re4 f5 20. Rh4 Nc5
21. Qd1 Nxd3 22. Nxe5 Rxe5 23. Qxh5 Qxh5 24. Rxh5 g6 25. Rh4 Rd8 26. Rd1 Ne1
27. Kf1 Nc2 28. Rh3 Rde8 29. Nf3 Re4 30. g3 Rd8 31. Ng5 Re7 32. Rd2 Na3 33. g4
fxg4 34. Rh4 h5 35. h3 Re5 36. f4 Rf5 37. Kg2 gxh3+ 38. Rxh3 Rxf4 39. Ne6 Rg4+
40. Rg3 Rxg3+ 41. Kxg3 Rd6 42. Nxd4 Nc2 43. Nf3 Rxd2 44. Nxd2 Kg7 45. Ne4 Nb4
46. a3 Nc2 47. a4 Nd4 48. b4 Nf5+ 49. Kf4 h4 50. Kg4 Kf7 51. a5 Ne3+ 52. Kxh4
Nxc4 53. Kg5 b6 54. axb6 axb6 55. Nc3 Ne3 56. b5 Kg7 57. Ne4 Nf5 58. Nf6 Nd6
59. Nd5 Nc4 60. Nf4 Ne5 61. Nd5 Nc4 62. Nf4 Nd6 63. Nd5 Nxb5 64. Nxb6 Nd4 65.
Nd5 Ne6+ 66. Kg4 Kf7 67. Nf4 Nxf4 68. Kxf4 Kf6 69. Kg4 g5 70. Kg3 Kf5 71. Kf3
g4+ 72. Kg3 Kg5 73. Kg2 1/2-1/2

[Event "España ch 2008 sub 18"]
[Site "Padrón ESP"]
[Date "2008.07.31"]
[Round "7.44"]
[White "Ortega Sanchez, Ainhoa"]
[Black "Torres Leao-Coelho, Ana"]
[Result "0-1"]
[WhiteElo "1794"]
[BlackElo "1909"]
[PlyCount "82"]
[EventDate "2008.07.27"]
[EventType "swiss"]
[EventRounds "9"]
[EventCountry "ESP"]
[Source "lmi"]
[SourceDate "2008.07.27"]

1. d4 d5 2. Nf3 e6 3. Bf4 Bd6 4. Bg3 b6 5. e3 Qe7 6. Nbd2 Nd7 7. c3 Ngf6 8. Ne5
Bxe5 9. Bxe5 Nxe5 10. dxe5 Nd7 11. Bb5 Bb7 12. Bxd7+ Qxd7 13. Qg4 f6 14. exf6
gxf6 15. O-O-O O-O-O 16. Rhg1 Rdg8 17. Qh4 Rg6 18. f3 Rhg8 19. Qf2 h5 20. g3
Qa4 21. Kb1 Ba6 22. Nb3 Bc4 23. Nc1 Qc6 24. Rge1 a5 25. Rd4 a4 26. Qc2 Kb7 27.
Rh4 Rg5 28. f4 Rf5 29. e4 dxe4 30. Rxe4 Rb5 31. f5 Bd5 32. Rxa4 exf5 33. Ka1
Be4 34. Qe2 Qxc3 35. Rc4 Qa5 36. Rxh5 Ra8 37. Rh7 Rc5 38. Rxc5 Qxc5 39. Qd1 Rd8
40. Qf1 Qc2 41. Nd3 Rxd3 0-1

[Event "España ch 2008 sub 18"]
[Site "Padrón ESP"]
[Date "2008.07.31"]
[Round "7.46"]
[White "Cuetos Lolo, Nekane"]
[Black "Samaniego Alonso, Sergio"]
[Result "0-1"]
[WhiteElo "1790"]
[BlackElo "1837"]
[PlyCount "49"]
[EventDate "2008.07.27"]
[EventType "swiss"]
[EventRounds "9"]
[EventCountry "ESP"]
[Source "lmi"]
[SourceDate "2008.07.27"]

1. e4 c5 2. Nf3 Nc6 3. d4 cxd4 4. Nxd4 g6 5. Nc3 Bg7 6. Be3 e6 7. Qd2 Nge7 8.
f3 a6 9. O-O-O b5 10. g4 Bb7 11. h4 Ne5 12. h5 Nc4 13. Bxc4 bxc4 14. Bh6 Kf8
15. Bxg7+ Kxg7 16. h6+ Kf8 17. Qf4 Qb6 18. Qe5 Rg8 19. Na4 Qd8 20. Nc5 Qc8 21.
g5 Ke8 22. Rh4 d5 23. Nxb7 Qxb7 24. exd5 Qxd5 25. Qf6 0-1

[Event "España ch 2008 sub 18"]
[Site "Padrón ESP"]
[Date "2008.07.31"]
[Round "7.50"]
[White "Pelegri Florit, Alex"]
[Black "Elexpe Bastida, Oscar"]
[Result "1-0"]
[WhiteElo "1704"]
[BlackElo "1676"]
[PlyCount "83"]
[EventDate "2008.07.27"]
[EventType "swiss"]
[EventRounds "9"]
[EventCountry "ESP"]
[Source "lmi"]
[SourceDate "2008.07.27"]

1. e4 c5 2. Nf3 d6 3. d4 cxd4 4. Nxd4 Nf6 5. Nc3 a6 6. Bg5 e6 7. Bd3 Nbd7 8.
O-O Be7 9. Nb3 O-O 10. Kh1 b5 11. f4 Qc7 12. Qf3 Bb7 13. Qh3 g6 14. Rae1 Rfe8
15. Qh4 Bd8 16. f5 exf5 17. exf5 Re5 18. fxg6 fxg6 19. Nd4 Nd5 20. Nxd5 Bxd5
21. Bxd8 Rxd8 22. Rd1 Nc5 23. Nf3 Bxf3 24. Rxf3 Rde8 25. c3 Qe7 26. Qxe7 R8xe7
27. h3 Na4 28. Rf2 d5 29. Kh2 Kg7 30. Rdd2 Re1 31. Be2 Rb1 32. Bf3 Rd7 33. Bg4
Rd6 34. Rfe2 a5 35. Kg3 Rg1 36. Bf3 Rb1 37. Rf2 Rd7 38. Kf4 Kf6 39. Ke3 Re7+
40. Kd4 Rd7 41. Be4+ Kg7 42. Bxb1 1-0